Tropical grasslands / (Record no. 305767)
[ view plain ]
| 000 -LEADER | |
|---|---|
| fixed length control field | 00478nam a2200193Ia 4500 |
| 008 - FIXED-LENGTH DATA ELEMENTS--GENERAL INFORMATION | |
| fixed length control field | 170203s9999 xx 000 0 und d |
| 020 ## - INTERNATIONAL STANDARD BOOK NUMBER | |
| International Standard Book Number | 9628882813 |
| 050 ## - LIBRARY OF CONGRESS CALL NUMBER | |
| Classification number | 912 |
| 050 ## - LIBRARY OF CONGRESS CALL NUMBER | |
| Item number | D847t 2005 |
| 100 ## - MAIN ENTRY--PERSONAL NAME | |
| Personal name | Morgan, Ben. |
| 245 ## - TITLE STATEMENT | |
| Title | Tropical grasslands / |
| 245 ## - TITLE STATEMENT | |
| Statement of responsibility, etc | Ben Morgan. |
| 650 ## - SUBJECT ADDED ENTRY--TOPICAL TERM | |
| Topical term or geographic name as entry element | Ecology. |
| 650 ## - SUBJECT ADDED ENTRY--TOPICAL TERM | |
| Topical term or geographic name as entry element | Grassland ecology -- Tropics -- |
| 650 ## - SUBJECT ADDED ENTRY--TOPICAL TERM | |
| Topical term or geographic name as entry element | Grassland ecology. |
| 650 ## - SUBJECT ADDED ENTRY--TOPICAL TERM | |
| Topical term or geographic name as entry element | Grasslands. |
| 650 ## - SUBJECT ADDED ENTRY--TOPICAL TERM | |
| Topical term or geographic name as entry element | Tropics. |
| 650 ## - SUBJECT ADDED ENTRY--TOPICAL TERM | |
| General subdivision | Juvenile literature. |
| Withdrawn status | Lost status | Damaged status | Home library | Current library | Shelving location | Date acquired | Total Checkouts | Full call number | Barcode | Date last seen | Price effective from | Koha item type |
|---|---|---|---|---|---|---|---|---|---|---|---|---|
| Stonyhurst Southville International School (Batangas) | Stonyhurst Southville International School (Batangas) | 02/03/2017 | Ref. 030 .D847t 2005 | US- 0647 | 02/03/2017 | 02/03/2017 | Books |